000 01022nam a2200277 a 4500
001 BRCA_8412
005 20190320210252.0
008 260615s1966----sp-a######---#000-0#spa-#
041 _aspa
044 _asp
050 4 _aPQ6323
_b.C47 esp 1966
100 1 _aCervantes Saavedra, Miguel de
_d1547-1616
_9213
245 1 0 _aEl Ingenioso Hidalgo Don Quijote de la Mancha
_bsegunda parte
_cMiguel de Cervantes Saavedra ; ilustrado por José Segrelles.
260 _aMadrid
_bEspasa-Calpe
_c1966
300 _a494 p. (v.2)
_bil. (algunas a color)
_c33 cm.
500 _aIncluye índice de láminas
500 _aLibro adquirido en compra
500 _aVer también No. de Sist. 7640 (v.1, 1979)
650 1 4 _aNovela española
_yÉpoca clásica, 1500-1700
_9215
650 1 4 _aLiteratura española
_yÉpoca clásica, 1500-1700
_9216
650 1 4 _aNovela española
_ySiglo XVII
_9217
650 1 4 _aDon Quijote (Personaje ficticio)
_xNovela
_921062
700 1 _aSegrelles, José
_eil.
_921063
902 _aQAG
942 _2lcc
_cB
999 _c8080
_d8080